000 02013nam a22002537a 4500
003 Uzh_bibl
008 260408b |||||||| |||| 00| 0 ukr d
020 _c1.30
040 _aукр.
041 _2ukr
_aukr
080 _a821(477)
090 _a821(477)
_bП 32
100 _aПільгук, Іван
245 _aНемеркнучі легенди
_hТекст
260 _aКиїв
_bРадянський письменник
_c1986
300 _a432 с.
_fВ опр.
520 _aТри художньо-документальні повісті – остання книга українського радянського письменника, літературознавця та критика Івана Пільгука. Талант дослідника та майстерність художника слова особливо приваблюють у розповіді про дружбу та творчі взаємини російського композитора М. Глінки та С. Гулака-Артемовського (повість «Немеркнучі легенди»). Реалістичні картини життя і творчої праці художника М. Ге письменник змалював у повісті «Обрії істини». Про Леся Курбаса прозаїк захоплююче розповідає у творінні «Гомін тривожних днів».
521 _aДля широкого кола читачів
546 _aукр.
650 _aЛітературно-художнє видання
_yРізні історичні періоди (переважно давнина та козацька доба)
_zУкраїна, різні історичні місцевості
653 _aІсторія
_aГероїзм
_aБоротьба
_aНарод
_aПам’ять
655 _aХудожньо-документальні повісті
_vПовісті
942 _2udc
_cBK
999 _c17279
_d17279